The yellow peephole book (Registo nº 2917)

Detalhes MARC
000 -Etiqueta do registo
Cabeçalho 00705nam a22002651 4500
005 - Identificador da versão
Campo de controlo 20240813121948.0
010 ## - Número internacional normalizado dos livros (ISBN)
Número (ISBN) 0001384600
100 ## - Dados gerais de processamento
Dados gerais de processamento 20030509d1986 bc y0pory500305 ba
102 ## - Pais de publicação ou produção
País de publicação Reino Unido
101 0# - Língua de publicação
Língua do texto, banda sonora, etc. Inglês
106 ## - Campo de dados codificados: material textual
Dados codificados do material textual r
105 ## - Campo de dados codificados: livros
Dados codificados dos livros a z 000zy
215 ## - Descrição física 
Indicação específica da natureza do documento e extensão da espécie 10 p.
Outras indicações físicas il.
Dimensões 20 cm
200 1# - Titulo e menção de responsabilidade
Título próprio The yellow peephole book
Primeira menção de responsabilidade Dorothy Savage
Outras menções de responsabilidade il. Gillian Chapman
205 ## - Menção da edição
Menção da edição 1ª ed
210 ## - Publicação, Distribuição, etc. 
Lugar da edição, distribuição, etc. [S.l.]
Nome do editor, distribuidor, etc. Collins
Data da publicação, distribuição, etc. 1986
606 ## - Nome comum usado como assunto
Número de registo de entrada de autoridade 0000006
Palavra de ordem Literatura estrangeira infantil
675 ## - Classificação Decimal Universal (CDU)
Notação 82-93
Edição
Língua da edição por
701 #1 - Nome de autor-pessoa física (co-responsabilidade principal)
Palavra de ordem Chapman
Outra parte do nome não tomada para palavra de ordem Gillian
Código de função Autor / Co-autor
700 #1 - Nome de autor-pessoa física (responsabilidade principal)
Número de registo de entrada de autoridade 0002030
Palavra de ordem Savage
Outra parte do nome não tomada para palavra de ordem Dorothy
942 ## - Elementos de entrada adicionados (Koha)
Tipo de item no Koha Livro
Exemplares
Situação do levantamento Origin of item (home branch) (coded) Biblioteca de empréstimo Código de barras Cota Circulation type (not for loan) Tipo de documento Nota do exemplar Damaged status
  Biblioteca Escolar da Coca Maravilhas Biblioteca Escolar da Coca Maravilhas BECM6125/03 8EST SAV   Livro Sem mensagem